1048 1914 1355 1732 1888 1344 1014 1433 1185 1776 1012 1827 1365 1928 1104 1711 1683 1428 1865 1785 1427 1415 1838 1469 1000 1143 1851 1290 1486 1147 1017 1744 1481 1738 1332 1098 1652 1201 1361 1512 1916 1376 1627 1984 1883 1703 1989 1601 1618 1817 1863 1711 1427 1004 1583 1151 1172 1266 1192 1911 1380 1977 1059 1840 1917 1628 1570 1293 1251 1786 1814 1333 1464 1784 1849 1732 1308 1598 1285 1044 1092 1980 1011 1660 1570 1096 1383 1369 1028 1503 1848 1106 1944 1523 1141 1430 1240 1897 1682 BCNSPRNW ULIB Ver.6.0+V

เปลี่ยนเป็นภาษาไทย

Change to English
 แสดงรายละเอียดบรรณานุกรม
  กลับหน้าหลัก

Brief Record : Get Marc (ISO 2709) : E-mail record : QR code < ปิดหน้าต่าง
LEADER : 00000nam 2200000uu 4500
001    13399124298
003     ULIB
008    150220s2557||||th 000 0 tha d
020    ^a9789746522786
060 04 ^aQS4^bก768ม
100 0  ^aเกล็ดแก้ว ด่านวิวัฒน์
245 10 ^aมหกายวิภาคศาสตร์พื้นฐาน /^cเกล็ดแก้ว ด่านวิวัฒน์
250    ^aพิมพ์ครั้งที่ 2.
260    ^aกรุงเทพฯ :^bไอกรุ๊ปเพรส,^c2557.
300    ^a196 หน้า :^bภาพประกอบ ;^c27 ซม.
500    ^aSend to Single Search.
650  4 ^aกายวิภาคศาสตร์
945    ^p250^l0^i22892
945    ^p250^l0^i22893
945    ^p250^l0^i22894
945    ^p250^l0^i22895
999    ^aทศพร เกษรทอง
รายการนี้ยังไม่มีแท็ก
คุณยังไม่ได้ล็อกอิน คุณสามารถมีกิจกรรมร่วมกับเว็บไซต์ได้ แต่ต้องล็อกอินก่อน ::
  ล็อกอิน

รายการสื่อสารสนเทศ

ลำดับที่ ประเภท เลขเรียก/บาร์โค้ด สถานที่ สถานะ
1. วิทยาศาสตร์การแพทย์ และสุขภาพ
วิทยาศาสตร์การแพทย์ และสุขภาพ
สถานะ=หนังสือเก่า
QS4 ก768ม ฉ.1 
  Barcode: 22892
ห้องสมุดวิทยาเขตนครสวรรค์
►ส่วนจัดเก็บหนังสือเก่า นว.
บนชั้น
  ขอยืม
2. วิทยาศาสตร์การแพทย์ และสุขภาพ
วิทยาศาสตร์การแพทย์ และสุขภาพ
สถานะ=หนังสือเก่า
QS4 ก768ม ฉ.2 
  Barcode: 22893
ห้องสมุดวิทยาเขตนครสวรรค์
►ส่วนจัดเก็บหนังสือเก่า นว.
บนชั้น
  ขอยืม
3. วิทยาศาสตร์การแพทย์ และสุขภาพ
วิทยาศาสตร์การแพทย์ และสุขภาพ
สถานะ=หนังสือเก่า
QS4 ก768ม ฉ.3 
  Barcode: 22894
ห้องสมุดวิทยาเขตนครสวรรค์
►ส่วนจัดเก็บหนังสือเก่า นว.
บนชั้น
  ขอยืม
4. วิทยาศาสตร์การแพทย์ และสุขภาพ
วิทยาศาสตร์การแพทย์ และสุขภาพ
สถานะ=หนังสือเก่า
QS4 ก768ม ฉ.4 
  Barcode: 22895
ห้องสมุดวิทยาเขตนครสวรรค์
►ส่วนจัดเก็บหนังสือเก่า นว.
บนชั้น
  ขอยืม

รายการใกล้เคียง
    ผู้แต่ง [เกล็ดแก้ว ด่านวิวัฒน์]

    หัวเรื่อง [กายวิภาคศาสตร์]

BibComment


ยังไม่เคยถูกคอมเมนท์

คอมเมนท์ทรัพยากรรายการนี้
  คอมเมนท์: มหกายวิภาคศาสตร์..


 Copyright 2026. Bcnsprnw @Library